000 00562 a2200205 4500
005 20240524153010.0
010 _aB-759183
020 _a9789354716621
_c650.00
035 _aB-759183
037 _bGift
082 _aN
100 _aTarshis, Lauren
_966860
245 _aThe Graphic Novel I Survived The Great CHicago Fire 1871/
_cLauren Tarshis
260 _aNew York
_bScholastic Press
_c2023
270 _aNew York
_bNew York
300 _a158 p.
_c23 cm(Pb)
700 _966848
942 _adpl
_cCH
_2ddc
_hN
_mTAR
999 _c203243
_d203243